Name Personages from Birth Year and Year of their Demise (Hard) - Statistics

General Stats
  • This quiz has been taken 18 times
    4 since last reset
  • The average score is 11 of 57
Answer Stats
Hint Answer % Correct
Kansas 1897 - Pacific Ocean 1937 Amelia Earhart
100%
Alexandria, Ptolemaic Kingdom 69 BC - Alexandria, Roman Egypt 30 BC Cleopatra
67%
Blantyre, South Lanarkshire, Scotland 1813 - Chief Chitambo's Village, Kingdom of Kazembe (now Northern Province, Zambia) David Livingstone
67%
Pokrovskoye, Russia 1868 - St. Petersburg, Russia 1916 Grigori Rasputin
67%
Marton, Yorkshire UK 1728 - Kealakekua Bay, Hawaii 1779 James Cook
67%
Rome 100 BC - Rome 44 BC Julius Caesar
67%
Vienna, Archduchy of Austria 1755 - Paris, France 1793 Marie Antoinette
67%
Atlanta, Georgia 1929 - Memphis, Tennessee 1968 Martin Luther King
67%
Hodgenville, Kentucky 1809 - Washington D.C. 1865 Abraham Lincoln
33%
London, UK 1983 - London, UK 2001 Amy Winehouse
33%
Lubbock, Texas 1936 - Clear Lake, Iowa 1959 Buddy Holly
33%
Oak Park, Illinois 1899 - Ketchum, Idaho 1961 Ernest Hemingway
33%
Kingdom of England (now UK) c.1565 - James Bay, North America (now Canada) 1611 Henry Hudson
33%
Brookline, Massachusetts 1917 - Dallas, Texas 1963 JFK
33%
Domremy, Kingdom of France c. 1412 - Rouen, Normandy 1431 Joan of Arc
33%
Liverpool, UK 1940 - New York, New York 1980 John Lennon
33%
Yanovka, Russia (now Bereslavka, Ukraine) 1879 - Mexico City, Mexico 1940 Leon Trotsky
33%
Eisleben, Germany 1483 - Eisleben, Germany 1546 Martin Luther
33%
Ajaccio, Corsica, Kingdom of France - St. Helena, British Empire Napoleon Bonaparte
33%
Beveridge, Colony of Victoria, Australia 1854 - Melbourne, Colony of Victoria, Australia 1880 Ned Kelly
33%
Brookline, Massachusetts 1925 - Los Angeles, California 1968 Robert F. Kennedy
33%
Upper Ferntree Gully, Victoria, Australia 1962 - Batt Reef, Queensland 2006 Steve Irwin
33%
Dublin, Ireland 1763 - Dublin, Ireland 1798 Wolfe Tone
33%
Hot Springs, Arkansas 1913 - Palm Springs, California 1964 Alan Ladd
0%
Charlestown, Nevis, British Leeward Islands 1757 - New York City, New York 1804 Alexander Hamilton
0%
Blickling Hall, Norfolk, England c.1501 - 1505 - Tower of London, London, England 1536 Anne Boleyn
0%
Audi Murphy
0%
Norwich, Connecticut 1741 - London, UK 1801 Benedict Arnold
0%
Rowena, Texas 1910 - Bienville Parish, Louisiana 1934 Bonnie Parker
0%
Lambeth, London, England c.1521-25 - Tower of London, London, England Catherine Howard
0%
Blackfriars, London, UK 1512 - Gloucestershire, UK 1548 Catherine Parr
0%
Stettin, Pomerania, Prussia 1729 - St. Petersburg, Russian Empire 1796 Catherine the Great
0%
London, UK 1833 - Khartoum, Sudan 1885 Charles 'Chinese' Gordon
0%
Brisbane, Australia 1897 - Andaman Sea, off Myanmar 1935 Charles Kingsford Smith
0%
Ellis County, Texas 1909 - Bienville Parish, Louisiana 1934 Clyde Barrow
0%
Nyirbator, Kingdom of Hungary 1560 - Csejthe, Kingdom of Hungary (now Cachtice, Slovakia) Elizabeth Bathory
0%
St. Petersburg, Russia 1906 - Barcelona, Spain 1972 George Sanders
0%
San Gabriel, California 1885 - Heidelberg, Germany 1945 George S. Patton
0%
Budapest, Hungary 1874 - Detroit, Michigan 1926 Harry Houdini
0%
County Kerry, Ireland 1850 - (Drowned on a sinking boat off Orkney, Scotland) 1916 H. H. Kitchener
0%
Norfolk, UK 1758 - (Died of a gunshot wound on a boat off Cadiz, Spain) 1805 Horatio Nelson
0%
Kent, UK 1727 - Quebec, Canada 1759 James Wolfe
0%
c.1508 - Hampton Court Palace, UK 1537 Jane Seymour
0%
Kearney, Missouri 1847 - St. Joseph, Missouri 1882 Jesse James
0%
Melbourne, Florida 1943 - Paris, France 1971 Jim Morrison
0%
Chicago, Illinois 1949 - Los Angeles, California 1983 John Belushi
0%
Windsor, Berkshire, UK 1900 - (Blown from a boat in Mullaghmore harbour, County Sligo, Ireland) 1979 Louis Mountbatten
0%
Subiaco, Papal States 1480 - Ferrara, Duchy of Ferrara 1519 Lucrezia Borgia
0%
Washington, DC 1939 - Los Angeles 1984 Marvin Gaye
0%
Netherlands 1876 - France 1917 Mata Hari
0%
Sydney, Australia 1960 - Sydney, Australia 1997 Michael Hutchence
0%
Dublin, Ireland 1854 - Saint-Germain-des-Pres, Paris, France Oscar Wilde
0%
Plymouth, UK - 1868 - Ross Ice Shelf, Antarctica 1912 Robert Falcon Scott
0%
Chicago, Illinois 1951 - Paradise Cay, California 2014 Robin Williams
0%
London, UK 1957 - New York City 1979 Sid Vicious
0%
Clarksburg, Virginia (now West Virginia) 1824 - Guinea Station, Virginia 1863 Thomas 'Stonewall' Jackson
0%
Birmingham, UK 1924 - Sydney, Australia 1968 Tony Hancock
0%
No matching quizzes found
Score Distribution
Percent of People with Each Score
Percentile by Number Answered
Your Score History
You have not taken this quiz since the last reset